|
|
|
|
| LEADER |
01139nam a22002417a 4500 |
| 001 |
35922 |
| 003 |
BD-DhAAL |
| 008 |
211031r19911991bg ||||| |||| 00| 0 ben d |
| 999 |
|
|
|c 43300
|d 43300
|
| 020 |
|
|
|a 9840501232
|
| 040 |
|
|
|a BD-DhAAL
|
| 041 |
|
|
|a ben
|
| 082 |
|
|
|a 320.95492
|2 23
|
| 100 |
|
|
|a ইসলাম, রফিকুল
|9 42302
|
| 245 |
|
|
|a স্বৈরশাহনের নয় বছর ;
|n ১৯৮২-৯০ /
|c রফিকুল ইসলাম
|
| 260 |
|
|
|a ঢাকা :
|b ইউনিভার্সিটি প্রেস লিমিটেড,
|c ১৯৯১ [দ্বিতীয় মুদ্রণ ১৯৯১].
|
| 300 |
|
|
|a [দশ], ১৯৮ পৃষ্ঠা ;
|b ২২ সে.মি.
|
| 526 |
|
|
|a BIED
|
| 541 |
|
|
|a Complimentary copy from BIED
|e 35922
|
| 650 |
|
|
|a Bangladesh
|x Politics and government.
|9 42303
|
| 852 |
|
|
|a Ayesha Abed Library
|c General Stacks
|
| 942 |
|
|
|2 ddc
|c BK
|
| 952 |
|
|
|0 0
|1 0
|2 ddc
|4 0
|6 320_954920000000000_ISL
|7 0
|9 69458
|a BRACUL
|b BRACUL
|c GEN
|d 2021-10-31
|e Complimentary copy from BIED
|l 0
|o 320.95492 ISL
|p 3010035922
|r 2021-10-31
|t 1
|w 2021-10-31
|y BK
|x Transferred from BIED to General Stacks
|